Internet v SR

Spoločnosť Taylor Nelson Sofres Factum Slovakia, s.r.o. realizuje prieskumy monitorujúce bonitu reklamného trhu na Internete. Realizácia auditu návštevnosti serverov. Sledovanie vzťahu slovenskej populácie k Internetu. Hodnotenie Internetu.

Enregistré dans:
Détails bibliographiques
Auteur principal: Kavecký, František
Format: Chapitre de livre
Langue:slovaque
Sujets:
Tags: Ajouter un tag
Pas de tags, Soyez le premier à ajouter un tag!

MARC

LEADER 00000naa a2200000 4500
001 r038530
005 20231002130938.0
041 0 |a slo 
044 |a SK 
245 1 0 |a Internet v SR  |c František Kavecký 
520 |a Spoločnosť Taylor Nelson Sofres Factum Slovakia, s.r.o. realizuje prieskumy monitorujúce bonitu reklamného trhu na Internete. Realizácia auditu návštevnosti serverov. Sledovanie vzťahu slovenskej populácie k Internetu. Hodnotenie Internetu. 
610 2 0 |a siete počítačové 
610 2 0 |a internet 
610 2 0 |a servery 
610 2 0 |a audit 
610 2 0 |a Slovensko 
610 2 0 |a prieskum sociologický 
610 2 0 |a Slovensko 
100 1 |a Kavecký, František